|
|
|
|
| LEADER |
00000nam a2200000 a 4500 |
| 001 |
vtls001096013 |
| 003 |
SK-MaSNL |
| 005 |
20260301151336.0 |
| 008 |
240517s1985 xo g f np 00000 slo |
| 015 |
|
|
|a SNBA1985/11
|
| 035 |
|
|
|a SNK000038855
|
| 040 |
|
|
|a SNK
|b slo
|c SNK
|e AACR2
|
| 041 |
0 |
|
|a slo
|
| 044 |
|
|
|a xo
|c SK
|
| 080 |
|
|
|a 78.087.681/.684.071.2(075.8)
|2 1981
|
| 100 |
1 |
|
|a Burgr, Miroslav,
|d 1936-1985
|4 aut
|9 165243
|
| 245 |
1 |
0 |
|a Zborový spev a riadenie zboru
|c Miroslav Burgr
|
| 250 |
|
|
|a 1. vyd.
|
| 260 |
|
|
|a Košice
|b Univerzita P. J. Šafárika
|c 1985
|e Košice
|f Edičné stredisko UPJŠ
|
| 300 |
|
|
|a 233 s.
|b noty
|c 29 cm
|
| 366 |
|
|
|e 200 výtl.
|
| 490 |
1 |
|
|a Vysokoškolské učebné texty
|
| 504 |
|
|
|a Obsahuje bibliografiu
|
| 650 |
0 |
7 |
|a spevácke zbory
|2 SNKPH
|9 3197
|
| 650 |
0 |
7 |
|a dirigovanie
|2 SNKPH
|9 3187
|
| 650 |
0 |
7 |
|a zborový spev
|2 SNKPH
|9 3196
|
| 655 |
|
7 |
|a učebnice vysokých škôl
|2 SNKPH
|9 70191
|
| 830 |
|
0 |
|a Vysokoškolské učebné texty
|9 276539
|
| 852 |
|
|
|a Slovenská národná knižnica
|
| 958 |
|
|
|a OND
|
| 958 |
|
|
|a NB
|
| 958 |
|
|
|a RM
|
| 958 |
|
|
|a UV
|
| 999 |
|
|
|c 786363
|d 788293
|
| 952 |
|
|
|a SNK
|b SNK
|y PREZ
|7 0
|p 17A0811371
|o snkSB 39414
|0 0
|1 0
|4 0
|d 2012-07-04
|f 1
|l 0
|r 2025-04-24 00:00:00
|w 2026-02-24
|
| 952 |
|
|
|t P60, <04>, [BOOK], {604}
|a SNK
|b SNK
|y VYP
|7 0
|p 17A0206871
|o snkSB 39414 D1
|0 0
|1 0
|4 0
|d 1999-08-16
|l 0
|r 2004-12-31 00:00:00
|w 2026-02-24
|